000
00258nam a2200109Ia 4500
008
190907s9999||||xx |||||||||||||| ||und||
100
_a
Birley,sue .
245
0
_a
Mastering Enterpreneurship
260
_a
New Delhi
_b
Addison
_c
2000
300
_a
418
942
_c
BK
999
_c
6346
_d
6346